01498nam a22003614a 4500001001200000003000800012006001900020007001500039008004100054010001700095020001500112020002200127040002100149035002100170050002500191082002400216245012500240260006800365300002400433490004800457504005100505533015200556650004100708650004300749650006000792655002900852700001900881700003100900710001700931830004500948856012600993999001701119ebr10073564CaPaEBRm u cr cn|||||||||020624s2002 enka sb 001 0 eng  z 2002073750 z0521809088 z0521005817 (pbk.) aCaPaEBRcCaPaEBR a(OCoLC)13316562914aHQ796b.Y5935 2002eb04a305.235/09173/222100aYouth in citiesh[electronic resource] :ba cross-national perspective /cedited by Marta Tienda, William Julius Wilson. aCambridge, UK ;aNew York :bCambridge University Press,c2002. axii, 288 p. :bill.1 aThe Jacobs Foundation series on adolescence aIncludes bibliographical references and index. aElectronic reproduction.bPalo Alto, Calif. :cebrary,d2013.nAvailable via World Wide Web.nAccess may be limited to ebrary affiliated libraries. 0aUrban youthvCross-cultural studies. 0aCity childrenvCross-cultural studies. 0aYouth with social disabilitiesvCross-cultural studies. 7aElectronic books.2local1 aTienda, Marta.1 aWilson, William J.,d1935-2 aebrary, Inc. 0aJacobs Foundation series on adolescence.40uhttp://site.ebrary.com/lib/rucke/Doc?id=10073564zAn electronic book accessible through the World Wide Web; click to view c44567d44567